1200 1447 1633 1851 1955 1536 1185 1019 1258 1055 1013 1391 1107 1353 1952 1287 1654 1864 1409 1917 1610 1605 1229 1122 1509 1244 1158 1837 1822 1241 1571 1925 1263 1511 1503 1034 1881 1908 1263 1598 1208 1295 1478 1632 1322 1072 1401 1117 1785 1336 1056 1401 1010 1047 1339 1047 1488 1914 1475 1266 1418 1691 1336 1484 1436 1409 1192 1430 1118 1477 1122 1004 1868 1578 1464 1140 1183 1702 1638 1640 1007 1568 1859 1403 1475 1435 1405 1209 1359 1615 1631 1706 1586 1332 1595 1299 1020 1802 1865 BCNSPRNW ULIB Ver.6.0+V

เปลี่ยนเป็นภาษาไทย

Change to English
 แสดงรายละเอียดบรรณานุกรม
  กลับหน้าหลัก

Brief Record : Get Marc (ISO 2709) : E-mail record : QR code < ปิดหน้าต่าง
LEADER : 00000nam 2200000uu 4500
001    13399108185
003     ULIB
008    110220s2551||||th 000 0 tha d
020    9789740538639
060 04 QV55^bP464ย ล.2 2551
245 00 ยา.^nเล่ม 2 =^bThe pill book-2 /^ceditor-in-chief, HaroldM. Silverman ; พิสิฐ วงศ์วัฒนะ, แปล
246 31 The pill book-2
250    พิมพ์ครั้งที่ 1
260    กรุงเทพฯ :^bหมอชาวบ้าน,^c2551
300    19, 1419 หน้า ;^c21 ซม.
650  7 ยา^vคู่มือ
650  7 การใช้ยา^vคู่มือ
700 0  พิสิฐ วงศ์วัฒนะ,^eผู้แปล
700 1  Silverman, Harold M.,^eed
945    ^p950^l0^i023799
945    ^p950^l0^i023798
995    ทศพร
999 ^a ใช้งานได้ทุกระบบ
รายการนี้ยังไม่มีแท็ก
คุณยังไม่ได้ล็อกอิน คุณสามารถมีกิจกรรมร่วมกับเว็บไซต์ได้ แต่ต้องล็อกอินก่อน ::
  ล็อกอิน

รายการสื่อสารสนเทศ

ลำดับที่ ประเภท เลขเรียก/บาร์โค้ด สถานที่ สถานะ
- ไม่พบข้อมูล -

BibComment


ยังไม่เคยถูกคอมเมนท์

คอมเมนท์ทรัพยากรรายการนี้
  คอมเมนท์: ยา เล่ม 2 The pi..


 Copyright 2026. Bcnsprnw @Library